Organization Design (Record no. 3587)

MARC details
000 -LEADER
fixed length control field 00327nam a22001457a 4500
005 - DATE AND TIME OF LATEST TRANSACTION
control field 20160622155242.0
008 - FIXED-LENGTH DATA ELEMENTS--GENERAL INFORMATION
fixed length control field 160622b xxu||||| |||| 00| 0 eng d
041 ## - LANGUAGE CODE
Language code of text/sound track or separate title eng
082 ## - DEWEY DECIMAL CLASSIFICATION NUMBER
Item number 9251
100 ## - MAIN ENTRY--AUTHOR NAME
Personal name Robbins and Stephen P
245 ## - TITLE STATEMENT
Title Organization Design
300 ## - PHYSICAL DESCRIPTION
Number of Pages 243
650 ## - SUBJECT ADDED ENTRY--TOPICAL TERM
Topical Term Management
942 ## - ADDED ENTRY ELEMENTS (KOHA)
Koha item type Books
Holdings
Lost status Damaged status Collection code Home library Current library Shelving location Date acquired Full call number Accession Number Koha item type
    MANAGEMENT JRU Library JRU Library SHELF-64-G 22/06/2016 9251 9251 Books